000 00431nam a2200169Ia 4500
008 140620t2012 xxu||||| |||| 00| 0 sin d
041 _asin
080 _aX8S31
_bWIC
100 _aWickramasinghe, Martin
245 _aමඩොල් දූව
246 _aMadol Doova
260 _bSarasa (Pvt) Ltd
_aRajagiriya
_c2012
300 _ap.138p., 21 cm
942 _cBK
999 _c73956
_d73956
003 LK-CoDNM
040 _aLK-CoDNM
_dLK-CoDNM
_eLK-CoDNM